College World Series Winners since 2010 - Statistics

General Stats
  • This quiz has been taken 58 times
  • The average score is 10 of 15
Answer Stats
Hint Answer % Correct
2023 LSU
88%
2024 Tennessee
88%
2019 Vanderbilt
88%
2014 Vanderbilt
88%
2017 Florida
76%
2022 Ole Miss
71%
2011 South Carolina
69%
2010 South Carolina
69%
2021 Mississippi St
67%
2016 Coastal Carolina
59%
2018 Oregon St
59%
2013 UCLA
59%
2015 Virginia
59%
2012 Arizona
47%
2020 No winner
6%
No matching quizzes found
Score Distribution
Percent of People with Each Score
Percentile by Number Answered
Your Score History
You have not taken this quiz